| 000 | 01236pam a2200349 a 4500 | ||
|---|---|---|---|
| 001 | 673736 | ||
| 003 | OSt | ||
| 005 | 20260316163507.0 | ||
| 008 | 951107s1996 ilu b 000 0 eng | ||
| 010 | _a 95048958 | ||
| 020 |
_a0830815295 _qpbk. : alk. paper |
||
| 020 |
_a9780830815296 _q(pbk. : alk. paper) |
||
| 035 | _a673736 | ||
| 040 |
_aDLC _cDLC _dDLC |
||
| 050 | 0 | 0 |
_aBT712 _b.R37 1996 |
| 082 | 0 | 0 |
_a231.7/65 _220 |
| 100 | 1 |
_aRatzsch, Delvin Lee, _d1945- |
|
| 245 | 1 | 4 |
_aThe battle of beginnings : _bwhy neither side is winning the creation-evolution debate / _cDel Ratzsch. |
| 260 |
_aDowners Grove, Ill. : _bInterVarsity Press, _cc1996. |
||
| 300 |
_a248 p. ; _c23 cm. |
||
| 336 |
_atext _btxt _2rdacontent |
||
| 337 |
_aunmediated _bn _2rdamedia |
||
| 338 |
_avolume _bnc _2rdacarrier |
||
| 504 | _aIncludes bibliographical references (p. [225]-248). | ||
| 650 | 0 |
_aEvolution _xReligious aspects _xChristianity. |
|
| 650 | 0 | _aCreation. | |
| 650 | 0 | _aCreationism. | |
| 906 |
_a7 _bcbc _corignew _d1 _eocip _f19 _gy-gencatlg |
||
| 942 |
_2lcc _cBK |
||
| 999 |
_c21496 _d21495 |
||